Medieval European Universities Quiz Stats

 Plays Quiz not verified by Sporcle

Also try: Five-Letter Things
Challenge
Share
Tweet
Embed
Score 0/38 Timer 10:00
0 Plays Today
Country University % Correct
United Kingdom (England)University of Oxford
98.3%
United Kingdom (England)University of Cambridge
94%
ItalyLa Sapienza University of Rome
82.4%
Czech RepublicCharles University of Prague
80.7%
United Kingdom (Scotland)University of Glasgow
75.1%
ItalyUniversity of Florence
73.8%
ItalyUniversity of Bologna
73.4%
SpainComplutense University of Madrid
73.4%
SpainUniversity of Barcelona
73%
ItalyUniversity of Naples Federico II
69.5%
AustriaUniversity of Vienna
66.5%
DenmarkUniversity of Copenhagen
63.1%
GermanyLudwig Maximilians University of Munich
60.1%
PolandJagiellonian University
58.8%
United Kingdom (Scotland)University of St Andrews
57.9%
United Kingdom (Scotland)University of Aberdeen
52.4%
SpainUniversity of Valencia
50.2%
ItalyUniversity of Padua
46.8%
ItalyUniversity of Pisa
43.8%
Country University % Correct
GermanyRuprecht Karl University of Heidelberg
41.6%
SpainUniversity of Salamanca
38.2%
GermanyUniversity of Leipzig
28.3%
SwedenUppsala University
27.9%
SwitzerlandUniversity of Basel
27.5%
ItalyUniversity of Siena
26.2%
PortugalUniversity of Coimbra
22.7%
BelgiumUniversity of Leuven
20.6%
ItalyUniversity of Perugia
18%
GermanyEberhard Karls University of Tübingen
16.3%
ItalyUniversity of Modena
15.9%
ItalyUniversity of Catania
14.6%
GermanyAlbert Ludwigs University of Freiburg
14.2%
ItalyUniversity of Ferrara
13.7%
SpainUniversity of Santiago de Compostela
13.7%
ItalyUniversity of Pavia
10.3%
GermanyUniversity of Rostock
8.2%
ItalyUniversity of Vicenza
4.7%
GermanyUniversity of Greifswald
4.7%

You're not logged in!

Compare scores with friends on all Sporcle quizzes.
Join for Free
OR
Log In

You Might Also Like...

Show Comments

Extras

Top Quizzes Today


Score Distribution

Your Account Isn't Verified!

In order to create a playlist on Sporcle, you need to verify the email address you used during registration. Go to your Sporcle Settings to finish the process.

Report this User

Report this user for behavior that violates our Community Guidelines.

Details: